000 01902cam a22003491i 4500
003 SA-RiAUC
005 20250201054451.0
008 250130s2008 su g b f000 0 ara c
020 _a9786030205851
040 _aMA-HhKAF
_bara
_cSA-RiAUC.
_erda
082 0 4 _a246
_qSA-RiAUC
090 _a246
_bع م ر
100 1 _aالعمراني، يحيى بن سالم بن أسعد،
_d489-558 هجري
_eمؤلف.
245 1 2 _aالانتصار في الرد على المعتزلة القدرية الأشرار /
_cيحيى بن أبو الخير العمراني ؛ دراسة وتحقيق سعود عبد العزيز الخلف ؛ تقديم محمد بن علي العقلا
246 3 0 _aالرد على المعتزلة القدرية الأشرار
250 _aالطبعة الثالثة.
264 1 _aالمدينة المنورة :
_bالجامعة الإسلامية،
_c2008
300 _a3 مجلد (963 صفحة) ؛
_c24 سم.
336 _aنص
_btxt
_2rdacontent
_3كتاب
337 _aبدون وسيط
_bn
_2rdamedia
338 _aمجلد
_bnc
_2rdacarrier
490 0 _aإصدارات عمادة البحث العلمي بالجامعة الإسلامية ؛
_v27
504 _aببليوجرافية : صفحة 947-963.
650 7 _aالمعتزلة (فرقة إسلامية)
_2aucsh
650 7 _aالقدرية (فرقة إسلامية)
_2aucsh
650 7 _aالإسلام
_xدفع مطاعن
_2aucsh
700 1 2 _iتحقق لـ (عمل) :
_aالعمراني، يحيى بن سالم بن أسعد،
_d489-558 هجري
_tالانتصار في الرد على المعتزلة القدرية الأشرار
700 1 _aالخلف، سعود بن عبد العزيز خلف،
_d1378 هجري-
_eمحقق.
700 1 _aالعقلا، محمد بن علي بن فراج،
_d1378 هجري-
_eمقدم.
942 _2ddc
_cBOOK
_n0
949 _aSA-JeALM
_d250130
_uosman123
_n1
999 _c5468
_d5468